000 00212 a2200097 4500
001 30913
100 _aAbdul Aziz
245 _aJamal-e Mustafa
260 _aKarachi
_bGilani publishers
_c
090 _c20807
_d20807
942 _aNUST-CAE
_cM
_c12011
999 _c265986
_d265986